Lieux des Jeux olympiques de la jeunesse été/hiver depuis 2010 - Statistiques

Statistiques générales
  • Ce quiz a été pris 6 fois
  • Le résultat moyen est 6 sur 8
Statistiques - réponses
Année Pays % Correct
Eté 2014 Chine
100%
Eté 2018 Argentine
83%
Hiver 2016 Norvège
83%
Hiver 2012 Autriche
67%
Hiver 2024 Corée-du-Sud
67%
Eté 2026 Sénégal
67%
Eté 2010 Singapour
67%
Hiver 2020 Suisse
67%
Aucun quiz correspondant
Distribution des résultats
% des personnes avec chaque résultat
Percentile par nombre de réponses
Votre historique - résultats
Vous n’avez pas pris ce quiz